Art of digital audio. (Record no. 157495)
[ view plain ]
| 000 -LEADER | |
|---|---|
| fixed length control field | 00515nam a2200217Ia 4500 |
| 003 - CONTROL NUMBER IDENTIFIER | |
| control field | OSt |
| 005 - DATE AND TIME OF LATEST TRANSACTION | |
| control field | 20230415090743.0 |
| 008 - FIXED-LENGTH DATA ELEMENTS--GENERAL INFORMATION | |
| fixed length control field | 210423s2004 xx 000 0 und d |
| 020 ## - INTERNATIONAL STANDARD BOOK NUMBER | |
| International Standard Book Number | 240515870 |
| 040 ## - CATALOGING SOURCE | |
| Transcribing agency | AL |
| 041 ## - LANGUAGE CODE | |
| Language code of text/sound track or separate title | eng |
| 082 ## - DEWEY DECIMAL CLASSIFICATION NUMBER | |
| Classification number | 621.381 |
| Edition number | 23 |
| Item number | WATJ |
| 100 ## - MAIN ENTRY--PERSONAL NAME | |
| Personal name | WATKINSON (John). |
| 9 (RLIN) | 88584 |
| 245 ## - TITLE STATEMENT | |
| Title | Art of digital audio. |
| 250 ## - EDITION STATEMENT | |
| Edition statement | 3 |
| 260 ## - PUBLICATION, DISTRIBUTION, ETC. | |
| Place of publication, distribution, etc. | New York |
| Name of publisher, distributor, etc. | Elsevier India |
| Date of publication, distribution, etc. | 2004 |
| 300 ## - PHYSICAL DESCRIPTION | |
| Extent | xiv,752 |
| Other physical details | HB |
| 365 ## - TRADE PRICE | |
| Price amount | 6137 |
| Currency code | INR |
| 906 ## - LOCAL DATA ELEMENT F, LDF (RLIN) | |
| a | Art ; audio ; digital |
| 942 ## - ADDED ENTRY ELEMENTS (KOHA) | |
| Source of classification or shelving scheme | Dewey Decimal Classification |
| Koha item type | Book |
| Withdrawn status | Lost status | Damaged status | Not for loan | Collection code | Home library | Current library | Date acquired | Source of acquisition | Cost, normal purchase price | Total Checkouts | Full call number | Barcode | Date last seen | Price effective from | Koha item type |
|---|---|---|---|---|---|---|---|---|---|---|---|---|---|---|---|
| MAJMC | St Aloysius PG Library | St Aloysius PG Library | 12/29/2009 | Intel Book Distributers | 6137.00 | 621.381 WATJ | PG003971 | 08/24/2022 | 04/26/2021 | Book |